00865pam a2200265 a 4500001000800000005001700008008004100025020001500066020002200081040001800103082002700121100002300148245011800171260006600289300001700355500002000372650001600392650001500408650001300423700002500436700002300461942000600484952009800490999001100588338394520231124055736.0880908t19891988enka b 001 0 eng  a0862324858 a0862324866 (pbk.) aDLCcDLCdDLC00a305.4/2/0954219bJEF.1 aJeffery, Patricia.10aLabour pains and labour power :bwomen and childbearing in India /cPatricia Jeffery, Roger Jeffery, Andrew Lyon. aLondon ;a[Atlantic Highlands] N.J., USA :bZed Books,c1989. axi, 292 p. : aIncludes index. 0aRural women 0aChildbirth 0aSex role1 aJeffery, Roger.eedt1 aLyon, Andrew.eedt cL 001040708LaWERCLbWERCLd2023-11-24l0o305.4/2/0954 JEF.p992r2023-11-24w2023-11-24yL c79d79